000 00909nam a22002657a 4500
001 4437
003 FISKH
005 20240909150952.0
008 240909b cb ||||| |||| 00| 0 eng d
020 _a9780571313914
040 _aFISKH
_beng
_cFISKH
_dFISKH
050 _aPZ7.K3055
082 _2823.914
100 _aKemp, Gene
_d(1926–2015)
245 _aThe turbulent term of tyke tiler /
_cBy Gene Kemp Illustrated by Kenny Mckendry
250 _aThis edition first published in 2015
260 _aLondon :
_bFaber Classics,
_c1997.
300 _a151 pages :
_billustrations ;
_c20cm
520 _aThis tale of the exploits of Tyke Tiler, and his best friend Danny Price, is one of the children's classics of the twentieth century.
650 _2School stories
_aPrimary
_vAdventure
650 _2Friendship
_aNovel
700 _aMckendry, Kenny
_dIllustrator
942 _2ddc
_cBK
_n0
999 _c4437
_d4437